| 000 | 00544nam a2200193Ia 4500 | ||
|---|---|---|---|
| 999 |
_c32381 _d32381 |
||
| 003 | OSt | ||
| 005 | 20200730102903.0 | ||
| 008 | 190216s9999||||xx |||||||||||||| ||und|| | ||
| 020 | _a9788126519231 | ||
| 040 | _coclc | ||
| 082 |
_a512.02 _bDUR/M |
||
| 100 |
_aDurbin, John R _93864 |
||
| 245 | 0 |
_aModern Algebra An Introduction / _cJohn R Durbin |
|
| 250 | _a5th Ed. | ||
| 260 |
_bJohn Wiley & Sons, _c1985. _aSingapore: |
||
| 300 | _a354p | ||
| 650 | _aMathematics | ||
| 942 |
_cBK _2ddc _h512.02 _iDUR/M _k512.02 _mDUR/M |
||